000 00311nam a2200145Ia 4500
003 OSt
005 20240309102639.0
008 170524s9999 xx 000 0 und d
020 _a8182838037
040 _cIIMTU
100 _aAGARWAL V C
245 0 _aHYDRAULICS
260 _bKRISHNA MEERUT
942 _2ddc
_c02
999 _c7813
_d7813